000 01019nam a22002897a 4500
005 20110427112834.0
008 110427t xxu||||| |||| 00| 0 eng d
010 _aENG-102321
020 _a9788175333109
_c795.00
035 _aEN-85854
037 _bDBAD/PUB
040 _adpl
_bEng
082 _a362.88082
100 _927456
_aGour, Anuradha
245 _aViolence against women :
_cby Anuradha Gour
_ba national and international perspective /
260 _aNew Delhi
_b MD Publications
_c2010
270 _a"MD House", 11, Darya Ganj
_bNew Delhi
_e110002
_k91-11-45355555
_mcontact@mdppl.com
300 _avi, 213 p.
_c22cm (Hb)
500 _aIncludes bibliographical references and index
610 _927464
650 _927465
651 _927466
700 _927451
710 _927453
942 _2ddc
_cEN
_h362.88082
_mGOU
999 _c51922
_d51922